00522 2200217 4500001002100000005001700021020001800038035002500056040001200081082001100093084001700104100001200121245004000133250001100173260003100184300003000215650002000245700001400265850001200279990001300291YOGYA00000000008778620150710091925.0 a979-672-460-X a0010-081400000087503 aYOPDYOG a592.72 a592.72 Sri T aSridadi aTeknik Beternak Jangkrikc/ Sridadi aCet. 5 aYogyakartabKanisiusc2003 a52 hlm.b: ilus.c; 21 cm aTernak Jangkrik aRachmanto aYOPDYOG a925-Pk/B